[Event "Pan American-ch School U15 Girls 12th"]
[Site "Callao"]
[Date "2023.10.19"]
[Round "7"]
[White "Sanchez Cruz, Mireya Jassly"]
[Black "Tacas Cardenas, Pamela Natividad"]
[Result "1-0"]
[WhiteElo "1513"]
[BlackElo "1366"]
[PlyCount "45"]
[EventDate "2023.10.16"]
[EventType "swiss"]
[EventRounds "9"]
[EventCountry "PER"]
[SourceTitle "Mega2024 Update 01"]
[Source "Chessbase"]
[SourceDate "2023.11.12"]
[SourceVersion "1"]
[SourceVersionDate "2023.11.12"]
[SourceQuality "1"]

1. d4 Nf6 2. Bf4 e6 3. e3 c5 4. c3 d5 5. Nf3 a6 6. Nbd2 Nc6 7. Bd3 Bd6 8. Bg3 0-0 9. Ne5 Qc7 10. f4 b5 11. Bh4 Be7 12. g4 Nxe5 13. fxe5 Ne8 14. g5 Qd8 15. Rg1 g6 16. Qg4 h5 17. gxh6 Bxh4+ 18. Ke2 Kh8 19. Nf3 Bf6 20. Raf1 Qd7 21. exf6 Nxf6 22. Qh4 Qd8 23. Ne5 1-0

[Event "South America-ch (Women)"]
[Site "Lima"]
[Date "2023.09.17"]
[Round "4"]
[White "Sanchez Cruz, Mireya Jassly"]
[Black "Orihuela Barreda, Alondra"]
[Result "1/2-1/2"]
[WhiteElo "1541"]
[BlackElo "1296"]
[PlyCount "156"]
[EventDate "2023.09.14"]
[EventType "swiss"]
[EventRounds "9"]
[EventCountry "PER"]
[SourceTitle "EXT 2024"]
[Source "ChessBase"]
[SourceDate "2023.10.10"]
[SourceVersion "1"]
[SourceVersionDate "2023.10.10"]
[SourceQuality "1"]

1. e4 c5 2. Nf3 Nc6 3. d4 cxd4 4. Nxd4 g6 5. c4 Nf6 6. Nc3 Nxd4 7. Qxd4 Bg7 8. Be3 0-0 9. Qd2 d6 10. f3 Be6 11. Be2 Qa5 12. 0-0 Rfc8 13. b3 d5 14. b4 Qxb4 15. Rab1 Qa5 16. Rb5 Nxe4 17. Rxa5 Nxd2 18. Bxd2 dxc4 19. Rb1 Rd8 20. Be1 b6 21. Ra4 Rdc8 22. Rc1 a6 23. Rb4 b5 24. a4 Bh6 25. Rc2 Bf5 26. Ne4 Be3+ 27. Bf2 Bxf2+ 28. Kxf2 Rab8 29. g4 Bd7 30. axb5 axb5 31. Nc3 Rc5 32. Rcb2 f5 33. Na4 Re5 34. Bxc4+ Kg7 35. Be2 fxg4 36. Nc3 gxf3 37. Bxb5 Bxb5 38. Rxb5 Rexb5 39. Nxb5 Rf8 40. Nd4 Rf6 41. Nxf3 h6 42. Kg3 Re6 43. Rb4 g5 44. Rb5 Kf6 45. Nd4 Ra6 46. Rf5+ Kg6 47. Re5 Kf6 48. Nf3 Ra3 49. Rb5 h5 50. h3 Rd3 51. Kg2 g4 52. hxg4 hxg4 53. Nh2 g3 54. Ng4+ Ke6 55. Re5+ Kd6 56. Rg5 Ke6 57. Rb5 Kd6 58. Ra5 Ke6 59. Nh6 Re3 60. Ra6+ Kd5 61. Nf5 Rc3 62. Nxg3 e5 63. Ra5+ Rc5 64. Ra4 Rc4 65. Ra5+ Rc5 66. Ra8 Rc6 67. Kf3 Rc3+ 68. Kf2 Rc6 69. Ke2 Rg6 70. Kf3 Rc6 71. Ra3 Rc4 72. Ne4 Kd4 73. Ra6 Kd3 74. Ra3+ Kd4 75. Ra2 Kd5 76. Ra5+ Kd4 77. Ra3 Kd5 78. Rd3+ Rd4 1/2-1/2

[Event "South America-ch (Women)"]
[Site "Lima"]
[Date "2023.09.14"]
[Round "1"]
[White "Hilario Huaranca, Aleyla Karen"]
[Black "Sanchez Cruz, Mireya Jassly"]
[Result "1-0"]
[WhiteElo "1883"]
[BlackElo "1541"]
[PlyCount "71"]
[EventDate "2023.09.14"]
[EventType "swiss"]
[EventRounds "9"]
[EventCountry "PER"]
[SourceTitle "EXT 2024"]
[Source "ChessBase"]
[SourceDate "2023.10.10"]
[SourceVersion "1"]
[SourceVersionDate "2023.10.10"]
[SourceQuality "1"]

1. d4 Nf6 2. Nf3 g6 3. c4 Bg7 4. g3 0-0 5. Bg2 d6 6. 0-0 Nc6 7. Nc3 e5 8. d5 Nb8 9. Ne1 Nfd7 10. Nd3 a5 11. e4 Na6 12. Be3 Qe7 13. a3 Ndc5 14. Nxc5 dxc5 15. Qd2 Rd8 16. h3 h5 17. f4 f5 18. Rae1 c6 19. fxe5 Qxe5 20. Bg5 Qd4+ 21. Qxd4 Bxd4+ 22. Kh2 Re8 23. dxc6 bxc6 24. exf5 Bxf5 25. Bxc6 Rxe1 26. Rxe1 Rf8 27. Bd5+ Kh8 28. Be7 Rb8 29. Nb5 Bxb2 30. Bd6 Rd8 31. Re7 Rd7 32. Nc7 Nb8 33. Bxc5 Bc3 34. Re3 Bd4 35. Bxd4+ Kh7 36. Rb3 1-0

[Event "PER-ch (Women)"]
[Site "Lima"]
[Date "2023.09.03"]
[Round "8"]
[White "Sanchez Cruz, Mireya Jassly"]
[Black "Caballero Quijano, Mitzy Mishell"]
[Result "0-1"]
[WhiteElo "1555"]
[BlackElo "2045"]
[PlyCount "114"]
[EventDate "2023.08.29"]
[EventType "swiss"]
[EventRounds "9"]
[EventCountry "PER"]
[SourceTitle "EXT 2024"]
[Source "ChessBase"]
[SourceDate "2023.10.10"]
[SourceVersion "1"]
[SourceVersionDate "2023.10.10"]
[SourceQuality "1"]

1. e4 c5 2. Nf3 e6 3. d4 cxd4 4. Nxd4 a6 5. Bd3 Qc7 6. 0-0 Nc6 7. Nxc6 bxc6 8. Qe2 d5 9. Nd2 Nf6 10. Nf3 Be7 11. c4 0-0 12. Qc2 dxe4 13. Bxe4 Nxe4 14. Qxe4 f5 15. Qe2 Bd6 16. Re1 a5 17. Bd2 a4 18. Bc3 h6 19. Be5 Rb8 20. Qc2 c5 21. Rab1 Bb7 22. Qc3 Bxf3 23. Bxd6 Qxd6 24. Qxf3 e5 25. Red1 Qe6 26. b3 axb3 27. axb3 Rfd8 28. Qe3 Rd4 29. Re1 e4 30. f3 Re8 31. Red1 Qd6 32. Re1 Rd3 33. Qe2 Qd4+ 34. Kf1 e3 35. Rbd1 Rd8 36. Rxd3 Qxd3 37. Qxd3 Rxd3 38. Rb1 f4 39. Rb2 g5 40. Ke2 Rc3 41. g3 Kg7 42. gxf4 gxf4 43. h3 Kf6 44. h4 Ke5 45. b4 Rxc4 46. bxc5 Rxc5 47. Ra2 Kd4 48. h5 Rb5 49. Ra4+ Ke5 50. Re4+ Kf5 51. Kd3 Rd5+ 52. Ke2 Rd2+ 53. Ke1 Rf2 54. Rc4 Rxf3 55. Ke2 Rf2+ 56. Ke1 Kg4 57. Rd4 Kxh5 0-1

[Event "PER-ch (Women)"]
[Site "Lima"]
[Date "2023.09.02"]
[Round "6"]
[White "Nole Alvarez, Antuannet Huguette"]
[Black "Sanchez Cruz, Mireya Jassly"]
[Result "0-1"]
[WhiteElo "1209"]
[BlackElo "1555"]
[PlyCount "52"]
[EventDate "2023.08.29"]
[EventType "swiss"]
[EventRounds "9"]
[EventCountry "PER"]
[SourceTitle "EXT 2024"]
[Source "ChessBase"]
[SourceDate "2023.10.10"]
[SourceVersion "1"]
[SourceVersionDate "2023.10.10"]
[SourceQuality "1"]

1. d4 Nf6 2. Bf4 g6 3. Nc3 Bg7 4. Qd2 d6 5. Nf3 Nbd7 6. e4 h6 7. Bd3 g5 8. Be3 Ng4 9. Bxg5 hxg5 10. Qxg5 Ndf6 11. e5 Bh6 12. Qh4 Bd2+ 13. Kxd2 Rxh4 14. Nxh4 dxe5 15. dxe5 Nxe5 16. Rad1 Nxd3 17. cxd3 Qd4 18. g3 Qxf2+ 19. Kc1 Qe3+ 20. Kc2 Bg4 21. Rd2 0-0-0 22. Ng2 Qd4 23. Rf1 Nd5 24. Rxf7 Nb4+ 25. Kb1 Qg1+ 26. Nd1 Bxd1 0-1

[Event "PER-ch (Women)"]
[Site "Lima"]
[Date "2023.08.30"]
[Round "3"]
[White "Sanchez Cruz, Mireya Jassly"]
[Black "Vizcarra Quispe, Ramalia Bellaluz"]
[Result "1-0"]
[WhiteElo "1555"]
[BlackElo "1467"]
[PlyCount "143"]
[EventDate "2023.08.29"]
[EventType "swiss"]
[EventRounds "9"]
[EventCountry "PER"]
[SourceTitle "EXT 2024"]
[Source "ChessBase"]
[SourceDate "2023.10.10"]
[SourceVersion "1"]
[SourceVersionDate "2023.10.10"]
[SourceQuality "1"]

1. e4 Nf6 2. Nc3 d6 3. Nf3 c5 4. d4 cxd4 5. Nxd4 g6 6. Be3 Ng4 7. Bb5+ Nc6 8. Nxc6 bxc6 9. Bxc6+ Bd7 10. Bxa8 Qxa8 11. Qd4 Nxe3 12. Qxe3 Bc6 13. Qd4 Rg8 14. Nd5 Qb7 15. Rb1 Bg7 16. Qc4 e6 17. Nc3 Bxc3+ 18. Qxc3 Bxe4 19. f3 Bd5 20. a3 Ke7 21. 0-0 Rc8 22. Qd2 Ba2 23. Rbd1 Qxb2 24. Qxd6+ Kf6 25. Qf4+ Kg7 26. Qd4+ Qxd4+ 27. Rxd4 Rxc2 28. Rd7 a5 29. Ra7 Rc5 30. Ra1 Bb3 31. a4 Kf6 32. Rb7 Bd5 33. Rb5 Rxb5 34. axb5 Ke5 35. Rxa5 Kd6 36. Ra1 Kc5 37. Rb1 Kb6 38. Kf2 Bc4 39. Ke3 Bxb5 40. Kf4 f6 41. g4 g5+ 42. Ke3 Kc5 43. Rd1 Be8 44. h4 gxh4 45. f4 Bc6 46. Kf2 Bd5 47. Rd3 Be4 48. Rh3 Kd5 49. Rxh4 Kd4 50. Rh6 Bg6 51. Kf3 f5 52. g5 e5 53. fxe5 Kxe5 54. Rh4 f4 55. Rxf4 Bh5+ 56. Kg3 Bg6 57. Rf6 Be8 58. Rf8 Bg6 59. Kg4 Ke6 60. Kf4 Ke7 61. Rf6 Bf7 62. Rh6 Bg6 63. Ke5 Kf7 64. Kd6 Kg7 65. Ke6 Bf7+ 66. Ke7 Bg6 67. Ke6 Bf7+ 68. Ke7 Bg6 69. Ke6 Bf7+ 70. Kf5 Bg6+ 71. Rxg6+ hxg6+ 72. Ke6 1-0

[Event "South America-ch U12 Girls 17th"]
[Site "Guayaquil"]
[Date "2022.01.29"]
[Round "8"]
[White "Gaspar Guevara, Darling Yasmin"]
[Black "Sanchez Cruz, Mireya Jassly"]
[Result "0-1"]
[WhiteElo "1310"]
[BlackElo "1381"]
[PlyCount "60"]
[EventDate "2022.01.25"]
[EventType "swiss"]
[EventRounds "9"]
[EventCountry "ECU"]
[SourceTitle "CBM 206 Extra"]
[Source "ChessBase"]
[SourceDate "2022.03.31"]
[SourceVersion "1"]
[SourceVersionDate "2022.03.31"]
[SourceQuality "1"]

1. e4 e5 2. Nf3 Nc6 3. Bb5 a6 4. Ba4 Nf6 5. 0-0 Be7 6. d3 b5 7. Bb3 0-0 8. Nc3 d6 9. h3 Bb7 10. Nd5 Na5 11. Nxe7+ Qxe7 12. Bg5 h6 13. Bh4 c5 14. Qd2 Nxb3 15. axb3 Qe6 16. c4 Nh5 17. Bg3 f5 18. Qe2 Nxg3 19. fxg3 fxe4 20. dxe4 bxc4 21. bxc4 Qg6 22. Rfe1 Qxg3 23. Rad1 Rad8 24. Rd3 Qf4 25. Rb3 Rb8 26. Rd3 Rfd8 27. g3 Qxg3+ 28. Kh1 Qxh3+ 29. Nh2 Qh4 30. Qg2 Qxe1+ 0-1

[Event "South America-ch U10 Girls 16th"]
[Site "Buenos Aires"]
[Date "2019.12.05"]
[Round "8.3"]
[White "Veliz, Daira Isis"]
[Black "Sanchez Cruz, Mireya Jassly"]
[Result "1-0"]
[WhiteElo "1414"]
[BlackElo "1211"]
[PlyCount "113"]
[EventDate "2019.12.01"]
[EventType "swiss"]
[EventRounds "9"]
[EventCountry "ARG"]
[SourceTitle "EXT 2024"]
[Source "ChessBase"]
[SourceDate "2023.10.10"]
[SourceVersion "1"]
[SourceVersionDate "2023.10.10"]
[SourceQuality "1"]

1. d4 d5 2. Nf3 e6 3. e3 Nf6 4. Bd3 c5 5. b3 Nc6 6. a3 Bd6 7. Bb2 b6 8. Nbd2 Bb7 9. Qe2 0-0 10. 0-0 cxd4 11. exd4 Ne7 12. Ne5 Bc7 13. f4 Nf5 14. Rf3 Nd6 15. Rh3 Nde4 16. c4 Nxd2 17. Qxd2 Ne4 18. Qe3 Qd6 19. Rf1 Qe7 20. g4 Bxe5 21. dxe5 Qc5 22. Qxc5 bxc5 23. cxd5 exd5 24. Rc1 Rac8 25. Rc2 Rc7 26. Bd4 Rfc8 27. Bxe4 cxd4 28. Bxh7+ Kf8 29. Rxc7 Rxc7 30. Bd3 Rc3 31. Bf1 Rc1 32. Kf2 Rc2+ 33. Kg3 d3 34. Bxd3 Rc3 35. Kh4 Rxb3 36. Bf1 Rb1 37. Bg2 Rb2 38. Rg3 Rf2 39. Kg5 Rb2 40. h4 Ke7 41. h5 Ke6 42. Kh4 Ba6 43. g5 Rf2 44. Bh3+ Ke7 45. f5 d4 46. h6 d3 47. Rxd3 gxh6 48. f6+ Ke8 49. Rd6 hxg5+ 50. Kxg5 Bc4 51. Rc6 Be6 52. Bxe6 fxe6 53. Rxe6+ Kf8 54. Ra6 Re2 55. Kf5 Rf2+ 56. Ke6 Rf3 57. Rxa7 1-0

[Event "South America-ch U10 Girls 16th"]
[Site "Buenos Aires"]
[Date "2019.12.04"]
[Round "5.1"]
[White "Sanchez Cruz, Mireya Jassly"]
[Black "Vizcarra Quispe, Ramalia Bellaluz"]
[Result "1/2-1/2"]
[WhiteElo "1211"]
[BlackElo "1259"]
[PlyCount "67"]
[EventDate "2019.12.01"]
[EventType "swiss"]
[EventRounds "9"]
[EventCountry "ARG"]
[SourceTitle "EXT 2024"]
[Source "ChessBase"]
[SourceDate "2023.10.10"]
[SourceVersion "1"]
[SourceVersionDate "2023.10.10"]
[SourceQuality "1"]

1. e4 e5 2. Nf3 Nf6 3. Nc3 Nc6 4. Bc4 Bc5 5. d3 h6 6. Ne2 d6 7. c3 d5 8. exd5 Nxd5 9. 0-0 Nb6 10. Bb5 Qf6 11. Bxc6+ bxc6 12. Be3 Bd6 13. h3 Bxh3 14. gxh3 Qxf3 15. Ng3 Qxd1 16. Raxd1 Na4 17. Rb1 a6 18. Rfe1 Rb8 19. Ba7 Rxb2 20. Rxb2 Nxb2 21. Rb1 Ba3 22. Be3 0-0 23. Bc1 Rb8 24. Ne4 Rd8 25. Kf1 Rxd3 26. Bxb2 Rxh3 27. Kg2 Rh4 28. Ng3 Bc5 29. Re1 f6 30. Ne4 Bb6 31. Bc1 Kf7 32. f3 Ke6 33. Ba3 f5 34. Nd2 1/2-1/2

[Event "Pan American-ch U10 Girls"]
[Site "Guayaquil"]
[Date "2019.07.24"]
[Round "5"]
[White "Gu, Crystal Jiuzhou"]
[Black "Sanchez Cruz, Mireya Jassly"]
[Result "1/2-1/2"]
[WhiteElo "1318"]
[BlackElo "1247"]
[PlyCount "27"]
[EventDate "2019.07.21"]
[EventType "swiss"]
[EventRounds "9"]
[EventCountry "ECU"]
[SourceTitle "EXT 2020"]
[Source "ChessBase"]
[SourceDate "2019.10.17"]
[SourceVersion "1"]
[SourceVersionDate "2019.10.17"]
[SourceQuality "1"]

1. e4 e5 2. Nf3 Nc6 3. Bc4 Nf6 4. Ng5 d5 5. exd5 Nxd5 6. Nxf7 Kxf7 7. Qf3+ Ke6 8. Nc3 Ncb4 9. 0-0 c6 10. Qg4+ Kf7 11. Qh5+ Ke6 12. Qg4+ Kf7 13. Qh5+ Ke6 14. Qg4+ 1/2-1/2

[Event "Pan American-ch U10 Girls"]
[Site "Guayaquil"]
[Date "2019.07.22"]
[Round "3"]
[White "Fausto, Aliana"]
[Black "Sanchez Cruz, Mireya Jassly"]
[Result "0-1"]
[WhiteElo "1212"]
[BlackElo "1247"]
[PlyCount "46"]
[EventDate "2019.07.21"]
[EventType "swiss"]
[EventRounds "9"]
[EventCountry "ECU"]
[SourceTitle "EXT 2020"]
[Source "ChessBase"]
[SourceDate "2019.10.17"]
[SourceVersion "1"]
[SourceVersionDate "2019.10.17"]
[SourceQuality "1"]

1. e4 e5 2. Nf3 Nc6 3. d4 exd4 4. Bc4 h6 5. Nxd4 Bc5 6. Nxc6 Qf6 7. Qe2 bxc6 8. 0-0 Ne7 9. Nc3 0-0 10. Be3 Bb6 11. Kh1 Bb7 12. Rad1 Rad8 13. Bb3 Rfe8 14. f3 Nf5 15. Bf2 d5 16. Qd2 Ne7 17. a3 Qg6 18. Qf4 Ba6 19. Bxb6 Bxf1 20. Rxf1 cxb6 21. Ba4 b5 22. Nxb5 cxb5 23. Bxb5 Nc6 0-1